| 000 | 01562cam a2200397 a 4500 | ||
|---|---|---|---|
| 999 |
_c510 _d510 |
||
| 001 | 14617763 | ||
| 003 | GZU | ||
| 005 | 20200902151100.0 | ||
| 008 | 061031s2007 ne ab b 001 0 eng | ||
| 010 | _a 2006036457 | ||
| 015 |
_aGBA698076 _2bnb |
||
| 016 | 7 |
_a013607338 _2Uk |
|
| 020 | _a0124969518 | ||
| 020 | _a9780124969513 | ||
| 035 | _a(OCoLC)ocm74987979 | ||
| 040 |
_aDLC _cDLC _dBAKER _dUKM _dC#P _dYDXCP _dIXA _dBTCTA _dDLC |
||
| 050 | 0 | 0 |
_aCC 72.4 _bMIL 2007 |
| 082 | 0 | 0 |
_a930.1028 _222 |
| 100 | 1 | _aMiller, Heather Margaret-Louise. | |
| 245 | 1 | 0 |
_aArchaeological approaches to technology / _cHeather M.-L. Miller. |
| 260 |
_aAmsterdam ; _aBoston : _bElsevier/Academic Press, _cc2007. |
||
| 300 |
_axxi, 298 p. : _bill., maps ; _c24 cm. |
||
| 504 | _aIncludes bibliographical references (p. 247-282) and index. | ||
| 650 | 0 | _aSocial archaeology. | |
| 650 | 0 |
_aTechnology _xSocial aspects _xHistory. |
|
| 650 | 0 | _aPrehistoric peoples. | |
| 650 | 0 |
_aMaterial culture _xHistory. |
|
| 650 | 0 |
_aArchaeology _xMethodology. |
|
| 650 | 0 |
_aArchaeology _xFieldwork. |
|
| 650 | 0 |
_aAntiquities _xCollection and preservation. |
|
| 856 | 4 | 1 |
_3Table of contents only _uhttp://www.loc.gov/catdir/toc/ecip074/2006036457.html |
| 856 | 4 | 2 |
_3Publisher description _uhttp://www.loc.gov/catdir/enhancements/fy0703/2006036457-d.html |
| 906 |
_a7 _bcbc _corignew _d1 _eecip _f20 _gy-gencatlg |
||
| 942 |
_2lcc _cBK _h72.4 _iMIL _kCC |
||